| 000 | 00925nmc a2200325 a 4500 | ||
|---|---|---|---|
| 003 | AR-BaBNM | ||
| 005 | 20251128204123.0 | ||
| 008 | 136019s1989 ||||||||||||||000 | spa|| | ||
| 020 | _a950-25-1547-1 | ||
| 040 | _cAR-BaBNM | ||
| 100 | 1 | _aGodio, Julio | |
| 245 | 1 | 0 |
_aCongestión en la empresa _bun modelo "a la Argentina" |
| 260 |
_aBuenos Aires _bCentro Editor de América Latina _c1989 |
||
| 300 | 0 | _a88 p. | |
| 490 | 0 |
_aBiblioteca política argentina _vv. 277 |
|
| 500 | 0 | _aOIT:ORGANIZACION INTERNACIONAL DEL TRABAJO | |
| 500 | 0 | _aCGT:CONFEDERACION GENERAL DEL TRABAJO | |
| 650 | 4 | _aLEGISLACION DEL TRABAJO | |
| 650 | 4 | _aEMPRESARIOS | |
| 650 | 4 | _aMACROECONOMIA | |
| 650 | 4 | _aDEMOCRACIA | |
| 650 | 4 | _aDEUDAS | |
| 650 | 4 | _aAUTORITARISMO | |
| 650 | 4 | _aMOVIMIENTO OBRERO | |
| 650 | 4 | _aECONOMIA AGRARIA | |
| 651 | 4 | _aArgentina | |
| 800 | 1 |
_aTroncoso, Oscar _edirector |
|
| 942 | _cBK | ||
| 998 | _cEnrique | ||
| 999 |
_c6255 _d6255 |
||